[Event "BRA-ch Amateurs U1700"]
[Site "Sao Paulo"]
[Date "2024.06.01"]
[Round "5"]
[White "Da Silva, Fabio De Moraes Vaz"]
[Black "Aulicino, Bento Rangel Leite"]
[Result "1-0"]
[WhiteElo "1712"]
[BlackElo "1725"]
[PlyCount "45"]
[EventDate "2024.05.30"]
[EventType "swiss"]
[EventRounds "7"]
[EventCountry "BRA"]
[SourceTitle "CBM 220 Extra"]
[Source "ChessBase"]
[SourceDate "2024.07.31"]
[SourceVersion "1"]
[SourceVersionDate "2024.07.31"]
[SourceQuality "1"]

1. d4 d5 2. Nf3 Bf5 3. Bf4 e6 4. c4 Bb4+ 5. Nc3 Nc6 6. e3 Nf6 7. Be2 Ne4 8. 0-0 Nxc3 9. bxc3 Bxc3 10. Rb1 b6 11. Ne5 Bxb1 12. Qxb1 Nxe5 13. Bxe5 f6 14. Qb5+ Qd7 15. Qb3 Ba5 16. Bg3 0-0-0 17. cxd5 Qxd5 18. Qc2 Qd7 19. Qe4 Qd5 20. Qc2 Qd7 21. Rc1 c6 22. Ba6+ Qb7 23. Qxc6# 1-0

[Event "BRA-ch Amateurs U1700"]
[Site "Sao Paulo"]
[Date "2024.05.31"]
[Round "3"]
[White "Vanderlei, Jose Cicero"]
[Black "Aulicino, Bento Rangel Leite"]
[Result "1-0"]
[WhiteElo "1618"]
[BlackElo "1725"]
[PlyCount "65"]
[EventDate "2024.05.30"]
[EventType "swiss"]
[EventRounds "7"]
[EventCountry "BRA"]
[SourceTitle "CBM 220 Extra"]
[Source "ChessBase"]
[SourceDate "2024.07.31"]
[SourceVersion "1"]
[SourceVersionDate "2024.07.31"]
[SourceQuality "1"]

1. d4 d5 2. Bf4 Bf5 3. e3 e6 4. c4 Bb4+ 5. Nc3 Nf6 6. Nf3 0-0 7. Qb3 Nc6 8. Ne5 Bxc3+ 9. bxc3 Na5 10. Qb4 b6 11. h3 Nb7 12. Be2 Nd6 13. Qb2 Qe7 14. 0-0 Rfd8 15. Nc6 Qd7 16. Nxd8 Rxd8 17. cxd5 Nxd5 18. Be5 Qc6 19. c4 Nxc4 20. Rac1 Nxb2 21. Rxc6 Rc8 22. f3 Nxe3 23. Rxc7 Rxc7 24. Bxc7 Nd5 25. Bb8 a5 26. Rc1 h6 27. Bb5 Bd3 28. Bxd3 Nxd3 29. Rb1 N3f4 30. Bxf4 Nxf4 31. Rxb6 Ne2+ 32. Kf2 Nxd4 33. Ra6 1-0